000 01147nam a22003011u 4500
001 04964
003 HDC
007 cr bn ---
008 210118p my go d 00 mayg
040 _aHDC
110 _aFoodReg Malaysia Sdn Bhd
245 0 _aFood Traceability as a Route to Higher Productivity /
_cby Robert Madge
260 _a[No Place] :
_b[publisher not identified],
_c2007
300 _a39 pages :
_billustrations
336 _atext
_2rdacontent
337 _acomputer
_2rdamedia
338 _aonline resource
_2rdacarrier
650 _aFood safety
_9504
650 _aFood traceability
_95196
650 _aHalal industry
_9144
650 _aHalal practices
_96400
650 _aHealth supplement
_95184
856 _zRequest full-text at [email protected]
856 _zRequest full-text at [email protected]
942 _2lcc
942 _cSLIDE
942 _kSLID 000545
999 _c2288
_d2288